00583nam a2200157Ia 4500008004100000041000800041082001600049100001900065245010900084260004300193300001900236365000900255520002900264999001700293952011500310240719s9999 xx 000 0 und d aeng a342.730 PUR aPurdum, Todd S aAn Idea Whose Time Has Come Two Presidents, Two Parties, And The Battle For The Civil Rights Act Of 1964 aNew YorkbHenry Holt And Companyc2014 a398;. P. 23 Cm cb30 aGifted By : IMT Faculty  c41372d41372 00104070aIMTNbIMTNcRack 14-Bd2023-07-16o342.730 PURp33067r2024-07-19 00:00:00w2024-07-19yBKzGifted